A obra ao negro (Registo nº 204)

Detalhes MARC
000 -Etiqueta do registo
Cabeçalho 01039nam0a2200289 4500
005 - Identificador da versão
Campo de controlo 20240813121757.0
010 ## - Número internacional normalizado dos livros (ISBN)
Número (ISBN) 8496075435
021 ## - Número do Depósito Legal
Número B. 40438-2002
100 ## - Dados gerais de processamento
Dados gerais de processamento 20160512d2002 aaay1pory5001 ba
102 ## - Pais de publicação ou produção
País de publicação Portugal
101 1# - Língua de publicação
Língua do texto, banda sonora, etc. Português
Língua do documento no original Francês
215 ## - Descrição física 
Indicação específica da natureza do documento e extensão da espécie 317, [3] p
200 1# - Titulo e menção de responsabilidade
Título próprio A obra ao negro
Primeira menção de responsabilidade Marguerite Yourcenar
Outras menções de responsabilidade trad. de António Ramos Rosa, Luísa Neto Jorge e Manuel João Gomes
225 2# - Colecção 
Título próprio da colecção Mil folhas
Indicação de volume 28
210 ## - Publicação, Distribuição, etc. 
Lugar da edição, distribuição, etc. Porto
Nome do editor, distribuidor, etc. Público Comunicaçlão Social
Data da publicação, distribuição, etc. cop. 2002
314 ## - Notas relativas a responsabilidade intelectual 
Texto da nota Marguerite Yourcenar é pseudônimo de Marguerite Cleenewerck de Crayencour
606 ## - Nome comum usado como assunto
Número de registo de entrada de autoridade 0002915
Palavra de ordem Literatura belga em língua francesa
Subdivisão de assunto Romances históricos
Código do sistema CA
675 ## - Classificação Decimal Universal (CDU)
Notação 821.133.1(493)-311.6
Edição 3ª ed.
Língua da edição por
702 #1 - Nome de autor-pessoa física (responsabilidade secundária)
Número de registo de entrada de autoridade 0002918
Palavra de ordem Rosa
Outra parte do nome não tomada para palavra de ordem António Ramos
Código de função Tradutor
Número de registo de entrada de autoridade 0002919
Palavra de ordem Jorge
Outra parte do nome não tomada para palavra de ordem Luísa Neto
Código de função Tradutor
Número de registo de entrada de autoridade 0002920
Palavra de ordem Gomes
Outra parte do nome não tomada para palavra de ordem Manuel João
Código de função Tradutor
700 #1 - Nome de autor-pessoa física (responsabilidade principal)
Número de registo de entrada de autoridade 0002925
Palavra de ordem Yourcenar
Outra parte do nome não tomada para palavra de ordem Marguerite
Elementos de identificação ou distinção pseud.
Datas 1903-1987
966 ## - Identificação da Biblioteca
Sigla EB2,3ENM
942 ## - Elementos de entrada adicionados (Koha)
Tipo de item no Koha Livro
Exemplares
Situação do levantamento Origin of item (home branch) (coded) Biblioteca de empréstimo Código de barras Cota Circulation type (not for loan) Tipo de documento Nota do exemplar Damaged status
  Biblioteca Escolar Eng. Nuno Mergulhão Biblioteca Escolar Eng. Nuno Mergulhão BENM687 82LE-3 YOU   Livro Sem mensagem